[Event "GBR-ch110 Over 65"]
[Site "Hull"]
[Date "2024.07.30"]
[Round "2.16"]
[White "Stevens, Brian"]
[Black "Jackson, Sheila"]
[Result "1/2-1/2"]
[WhiteElo "1812"]
[BlackElo "1988"]
[PlyCount "52"]
[EventDate "2024.07.29"]
[EventType "swiss"]
[EventRounds "7"]
[EventCountry "GBR"]
[SourceTitle "BritBase"]
[Source "John Saunders"]
[SourceDate "2025.02.20"]
[SourceVersion "1"]
[SourceVersionDate "2025.02.20"]
[SourceQuality "1"]

1. e4 e5 2. Nf3 Nc6 3. d4 exd4 4. Nxd4 Qh4 5. Nc3 Bb4 6. Be2 d6 7. O-O Nf6 8. Nf3 Qg4 9. Nd5 Nxd5 10. exd5 Ne7 11. Bb5+ c6 12. dxc6 bxc6 13. Bd3 h6 14. c3 Bc5 15. Qe2 Be6 16. Be3 Bxe3 17. Qxe3 Nd5 18. Qe4 Qxe4 19. Bxe4 Kd7 20. Nd4 Ne7 21. Rad1 Rab8 22. b3 c5 23. Nxe6 fxe6 24. c4 a5 25. Rd3 g5 26. f4 Rhf8 1/2-1/2

[Event "GBR-ch110 Over 65"]
[Site "Hull"]
[Date "2024.07.30"]
[Round "2.17"]
[White "Pugh, Glyn D"]
[Black "Pickersgill, Adrian O"]
[Result "1/2-1/2"]
[WhiteElo "1856"]
[BlackElo "1974"]
[PlyCount "74"]
[EventDate "2024.07.29"]
[EventType "swiss"]
[EventRounds "7"]
[EventCountry "GBR"]
[SourceTitle "BritBase"]
[Source "John Saunders"]
[SourceDate "2025.02.20"]
[SourceVersion "1"]
[SourceVersionDate "2025.02.20"]
[SourceQuality "1"]

1. d4 d6 2. c4 e5 3. dxe5 dxe5 4. Qc2 Nc6 5. a3 Nf6 6. e3 g6 7. Bd3 Bg7 8. Nc3 O-O 9. f3 Re8 10. Ne4 Nxe4 11. Bxe4 Ne7 12. Ne2 c6 13. Bd2 Be6 14. Rd1 Qc7 15. O-O Rad8 16. Bc1 f5 17. Bd3 c5 18. Nc3 a6 19. Be2 Bf7 20. Rxd8 Rxd8 21. Rd1 Be6 22. Rxd8+ Qxd8 23. Qd3 Qxd3 24. Bxd3 Nc6 25. Nd5 e4 26. fxe4 Ne5 27. Be2 fxe4 28. b4 Nd3 29. Bxd3 exd3 30. bxc5 Bxd5 31. cxd5 Bc3 32. c6 bxc6 33. dxc6 Be5 34. Kf2 Kf7 35. Kf3 Ke6 36. Ke4 Bb2 37. Bd2 Bxa3 1/2-1/2

[Event "GBR-ch110 Over 65"]
[Site "Hull"]
[Date "2024.07.30"]
[Round "2.18"]
[White "Sugden, John N"]
[Black "Procter, Colin S"]
[Result "1-0"]
[WhiteElo "1959"]
[BlackElo "1864"]
[PlyCount "63"]
[EventDate "2024.07.29"]
[EventType "swiss"]
[EventRounds "7"]
[EventCountry "GBR"]
[SourceTitle "BritBase"]
[Source "John Saunders"]
[SourceDate "2025.02.20"]
[SourceVersion "1"]
[SourceVersionDate "2025.02.20"]
[SourceQuality "1"]

1. d4 d6 2. e4 Nf6 3. Nc3 g6 4. Nf3 Bg7 5. Be2 O-O 6. h3 c6 7. O-O Nbd7 8. Bg5 Qa5 9. Qd2 e5 10. dxe5 dxe5 11. a3 Qb6 12. Be3 Qc7 13. Rad1 Nb6 14. Bc5 Re8 15. Bd6 Qd8 16. Qe3 Nbd7 17. Bc4 Qb6 18. Ng5 Qxe3 19. Bxf7+ Kh8 20. fxe3 h6 21. Bxe8 hxg5 22. Bxg6 b6 23. Bf5 Ba6 24. Rf2 g4 25. hxg4 Bh6 26. Rf3 Bg5 27. Rh3+ Kg7 28. Kf2 Bc4 29. Bc7 Nf8 30. Bxe5 Re8 31. Bf4 Ne6 32. Bxe6 1-0

[Event "GBR-ch110 Over 65"]
[Site "Hull"]
[Date "2024.07.30"]
[Round "2.19"]
[White "Burnett, Jim"]
[Black "Winter, Malcolm J"]
[Result "1-0"]
[WhiteElo "2039"]
[BlackElo "1776"]
[PlyCount "57"]
[EventDate "2024.07.29"]
[EventType "swiss"]
[EventRounds "7"]
[EventCountry "GBR"]
[SourceTitle "BritBase"]
[Source "John Saunders"]
[SourceDate "2025.02.20"]
[SourceVersion "1"]
[SourceVersionDate "2025.02.20"]
[SourceQuality "1"]

1. d4 Nf6 2. c4 e6 3. Nf3 d5 4. Nc3 c6 5. Bg5 Nbd7 6. cxd5 exd5 7. e3 Be7 8. Bd3 O-O 9. Qc2 Re8 10. O-O Nf8 11. Rae1 Ne4 12. Bf4 Nxc3 13. bxc3 Bg4 14. Nd2 Bh5 15. e4 Bg6 16. Be3 Rc8 17. f4 f6 18. f5 Bf7 19. e5 fxe5 20. dxe5 c5 21. Bb5 d4 22. Bf2 Qa5 23. Bxe8 Bxe8 24. cxd4 Bb5 25. d5 Bxf1 26. Nxf1 Bd8 27. d6 c4 28. e6 Bb6 29. Kh1 1-0

[Event "GBR-ch110 Over 65"]
[Site "Hull"]
[Date "2024.07.30"]
[Round "2.20"]
[White "Dennis, Nigel W"]
[Black "Shephard, Chris CW"]
[Result "0-1"]
[WhiteElo "1865"]
[BlackElo "2156"]
[PlyCount "96"]
[EventDate "2024.07.29"]
[EventType "swiss"]
[EventRounds "7"]
[EventCountry "GBR"]
[SourceTitle "BritBase"]
[Source "John Saunders"]
[SourceDate "2025.02.20"]
[SourceVersion "1"]
[SourceVersionDate "2025.02.20"]
[SourceQuality "1"]

1. e4 g6 2. d4 Bg7 3. c4 d6 4. Nc3 a6 5. Nf3 Bg4 6. Be2 Nc6 7. Be3 h5 8. O-O e5 9. dxe5 dxe5 10. Qxd8+ Rxd8 11. Rfd1 Bxf3 12. Rxd8+ Kxd8 13. Rd1+ Kc8 14. Bxf3 Nge7 15. Be2 Nd4 16. Bd3 Nec6 17. Bxd4 Nxd4 18. Ne2 Ne6 19. Bc2 h4 20. b4 h3 21. g3 Ng5 22. Kh1 Nf3 23. Ng1 Ng5 24. c5 c6 25. a3 Kc7 26. Ne2 a5 27. Nc3 axb4 28. axb4 Ra8 29. Na4 Ne6 30. Rd7+ Kxd7 31. Nb6+ Ke7 32. Nxa8 Bh6 33. Bd3 Bd2 34. b5 Nxc5 35. bxc6 bxc6 36. Bc2 Ba5 37. f4 f6 38. fxe5 fxe5 39. Bd1 Kd6 40. Bg4 Nxe4 41. Kg1 Ng5 42. Kf2 c5 43. Ke3 Kc6 44. Bc8 c4 45. Ba6 Kc5 46. Ke2 Kd4 47. Kd1 Kd3 48. Kc1 e4 0-1

[Event "GBR-ch110 Over 65"]
[Site "Hull"]
[Date "2024.07.30"]
[Round "2.21"]
[White "Wager, John D"]
[Black "Georgiou, Denis"]
[Result "1-0"]
[WhiteElo "2035"]
[BlackElo "1854"]
[PlyCount "104"]
[EventDate "2024.07.29"]
[EventType "swiss"]
[EventRounds "7"]
[EventCountry "GBR"]
[SourceTitle "BritBase"]
[Source "John Saunders"]
[SourceDate "2025.02.20"]
[SourceVersion "1"]
[SourceVersionDate "2025.02.20"]
[SourceQuality "1"]

1. Nf3 Nf6 2. c4 g6 3. Nc3 Bg7 4. g3 O-O 5. Bg2 d6 6. d4 c5 7. O-O Nc6 8. d5 Na5 9. Qd3 e6 10. e4 exd5 11. cxd5 a6 12. Re1 c4 13. Qc2 Nd7 14. Be3 Qc7 15. Bd4 Bxd4 16. Nxd4 Ne5 17. Rad1 Nd3 18. Re3 Qb6 19. Nde2 Qxb2 20. Qa4 Qb4 21. Qxb4 Nxb4 22. Nc1 Nc2 23. Re2 Na3 24. e5 Nb5 25. Nxb5 axb5 26. e6 f5 27. Rb2 b6 28. Rxb5 Rb8 29. Ne2 Ba6 30. Rb4 Rfc8 31. Nc3 b5 32. Rdb1 Rc5 33. f4 Kf8 34. Bf3 Ke7 35. Bd1 Rb7 36. Kf2 Kf6 37. Ke3 Ke7 38. Kd4 Kd8 39. a4 bxa4 40. Nxa4 Nb3+ 41. R4xb3 cxb3 42. Nxc5 Rb4+ 43. Ke3 dxc5 44. Rxb3 Re4+ 45. Kf2 Bc4 46. Rb8+ Kc7 47. Rh8 Bxd5 48. Bf3 Bxe6 49. Rxh7+ Kd6 50. Bxe4 fxe4 51. Ke3 Bf5 52. h3 c4 1-0

[Event "GBR-ch110 Over 65"]
[Site "Hull"]
[Date "2024.07.30"]
[Round "2.22"]
[White "Tidmarsh, David A"]
[Black "Habershon, Paul F"]
[Result "0-1"]
[WhiteElo "1839"]
[BlackElo "1936"]
[PlyCount "130"]
[EventDate "2024.07.29"]
[EventType "swiss"]
[EventRounds "7"]
[EventCountry "GBR"]
[SourceTitle "BritBase"]
[Source "John Saunders"]
[SourceDate "2025.02.20"]
[SourceVersion "1"]
[SourceVersionDate "2025.02.20"]
[SourceQuality "1"]

1. e4 Nf6 2. e5 Nd5 3. d4 d6 4. Nf3 Bg4 5. Be2 c6 6. c4 Nb6 7. Ng5 Bf5 8. e6 fxe6 9. g4 Bg6 10. Bd3 Bxd3 11. Qxd3 Na6 12. Qf3 Kd7 13. Nf7 Qc7 14. Nxh8 Nxc4 15. O-O g6 16. Nf7 Bg7 17. Ng5 Bxd4 18. Qd3 Bxb2 19. Bxb2 Nxb2 20. Qe2 Nc5 21. Qxb2 h6 22. Nf3 Rf8 23. Nbd2 Rf4 24. h3 e5 25. Nh4 g5 26. Ng2 Rf6 27. Qc2 Ne6 28. Rab1 Kc8 29. Nb3 d5 30. f3 h5 31. Rbe1 hxg4 32. fxg4 Rh6 33. Rf3 e4 34. Rxe4 dxe4 35. Qxe4 Qd6 36. Qe2 Nd4 37. Nxd4 Qxd4+ 38. Kf1 e5 39. Rf8+ Kc7 40. Rf7+ Kb6 41. Rf3 e4 42. Rb3+ Kc7 43. Ne1 Rf6+ 44. Kg2 Rd6 45. Re3 Re6 46. Nc2 Qd5 47. a3 c5 48. Na1 a6 49. Nb3 Rd6 50. Rxe4 Qxb3 51. Re3 Qd5+ 52. Kh2 Kc6 53. Kg3 c4 54. h4 gxh4+ 55. Kxh4 Qh1+ 56. Kg3 Qg1+ 57. Kf4 b5 58. g5 Qd1 59. Qg2+ Qd5 60. Qg4 Qd4+ 61. Re4 Qf2+ 62. Ke5 Rd5+ 63. Ke6 Qf8 64. g6 Rd6+ 65. Ke5 Rd5+ 0-1

[Event "GBR-ch110 Over 65"]
[Site "Hull"]
[Date "2024.07.30"]
[Round "2.23"]
[White "Myall, Ivan J"]
[Black "Clancy, Martin J"]
[Result "1/2-1/2"]
[WhiteElo "1935"]
[BlackElo "1815"]
[PlyCount "80"]
[EventDate "2024.07.29"]
[EventType "swiss"]
[EventRounds "7"]
[EventCountry "GBR"]
[SourceTitle "BritBase"]
[Source "John Saunders"]
[SourceDate "2025.02.20"]
[SourceVersion "1"]
[SourceVersionDate "2025.02.20"]
[SourceQuality "1"]

1. d4 Nf6 2. Nc3 d5 3. Bf4 Bf5 4. f3 e6 5. g4 Bg6 6. h4 h5 7. g5 Ng8 8. e3 Bd6 9. Nge2 Nc6 10. a3 Nge7 11. Nb5 Bxf4 12. Nxf4 Bf5 13. Bh3 Qd7 14. Bxf5 Nxf5 15. g6 O-O-O 16. Qd3 f6 17. O-O-O Nd6 18. Nxd6+ Qxd6 19. Qc3 Ne7 20. Qc5 b6 21. Qxd6 Rxd6 22. e4 dxe4 23. fxe4 e5 24. dxe5 fxe5 25. Rxd6 cxd6 26. Ne6 Rh6 27. Nxg7 Nxg6 28. Nf5 Rh7 29. Nxd6+ Kc7 30. Nb5+ Kc6 31. Nc3 Rf7 32. Nd5 Rf2 33. b3 Nf4 34. Nb4+ Kd6 35. Nd3 Nxd3+ 36. cxd3 Kc5 37. Rg1 Kd4 38. Rg5 Kc3 39. Kb1 Kxb3 40. Kc1 Kc3 1/2-1/2

[Event "GBR-ch110 Over 65"]
[Site "Hull"]
[Date "2024.07.30"]
[Round "2.24"]
[White "Greatorex, Roger"]
[Black "Bellers, Chris JV"]
[Result "0-1"]
[WhiteElo "1798"]
[BlackElo "1933"]
[PlyCount "106"]
[EventDate "2024.07.29"]
[EventType "swiss"]
[EventRounds "7"]
[EventCountry "GBR"]
[SourceTitle "BritBase"]
[Source "John Saunders"]
[SourceDate "2025.02.20"]
[SourceVersion "1"]
[SourceVersionDate "2025.02.20"]
[SourceQuality "1"]

1. d4 g6 2. Nf3 Bg7 3. e3 b6 4. Nbd2 Bb7 5. c3 Nf6 6. Bd3 O-O 7. O-O d6 8. b4 c5 9. Qb3 cxb4 10. cxb4 Nbd7 11. Bb2 e6 12. a4 a6 13. Rfc1 Rc8 14. b5 a5 15. Ba3 Rxc1+ 16. Rxc1 Qb8 17. h3 Rd8 18. Qb1 Bf8 19. Rc3 Nd5 20. Rc2 Rc8 21. Qc1 Rxc2 22. Qxc2 Nb4 23. Bxb4 axb4 24. Qb3 d5 25. e4 dxe4 26. Bxe4 Bxe4 27. Nxe4 Qf4 28. Ned2 e5 29. Qd5 Nf6 30. Qxe5 Qxe5 31. Nxe5 Nd5 32. Nd7 Bd6 33. Ne5 Nc3 34. Nec4 Bc7 35. d5 Nxd5 36. Nb3 Nc3 37. a5 bxa5 38. b6 Bxb6 39. Nxb6 a4 40. Nxa4 Nxa4 41. Kf1 Nc3 42. Ke1 f5 43. Kd2 Ne4+ 44. Ke3 Kf7 45. f3 Nc3 46. Kd3 Ke6 47. g3 Kd5 48. g4 fxg4 49. hxg4 Ke5 50. Ke3 Nd5+ 51. Kf2 Kf4 52. Nc5 h5 53. Ne6+ Ke5 0-1

[Event "GBR-ch110 Over 65"]
[Site "Hull"]
[Date "2024.07.30"]
[Round "2.25"]
[White "Fryer, David W"]
[Black "Hall, Alan A"]
[Result "1/2-1/2"]
[WhiteElo "1916"]
[BlackElo "1801"]
[PlyCount "87"]
[EventDate "2024.07.29"]
[EventType "swiss"]
[EventRounds "7"]
[EventCountry "GBR"]
[SourceTitle "BritBase"]
[Source "John Saunders"]
[SourceDate "2025.02.20"]
[SourceVersion "1"]
[SourceVersionDate "2025.02.20"]
[SourceQuality "1"]

1. e4 e5 2. Nf3 Nf6 3. d4 Nxe4 4. Bd3 d5 5. dxe5 Be7 6. O-O O-O 7. Nc3 Nxc3 8. bxc3 Nc6 9. Re1 Bg4 10. Rb1 Rb8 11. h3 Bh5 12. g4 Bg6 13. Bxg6 fxg6 14. Rb5 Qe8 15. Rxd5 Qf7 16. Kg2 Qe6 17. Rd3 Rf7 18. Ng5 Bxg5 19. Bxg5 Rbf8 20. Bh4 g5 21. Bg3 Ne7 22. Qd2 h6 23. a3 Ng6 24. Re2 Nf4+ 25. Bxf4 gxf4 26. f3 g5 27. Rd8 Kg7 28. Rxf8 Rxf8 29. Qd4 b6 30. c4 Rf7 31. Qd5 Re7 32. Qxe6 Rxe6 33. Kf2 Kf7 34. Ke1 Rc6 35. Re4 Ke6 36. Kd2 Rc5 37. Kc3 Rxe5 38. Kd4 Rxe4+ 39. Kxe4 c5 40. a4 a6 41. c3 a5 42. Kd3 Ke5 43. Ke2 Kd6 44. Kd3 1/2-1/2

[Event "GBR-ch110 Over 65"]
[Site "Hull"]
[Date "2024.07.30"]
[Round "2.26"]
[White "Kenning, Paul H"]
[Black "Stimpson, Philip M"]
[Result "1/2-1/2"]
[WhiteElo "1776"]
[BlackElo "1915"]
[PlyCount "33"]
[EventDate "2024.07.29"]
[EventType "swiss"]
[EventRounds "7"]
[EventCountry "GBR"]
[SourceTitle "BritBase"]
[Source "John Saunders"]
[SourceDate "2025.02.20"]
[SourceVersion "1"]
[SourceVersionDate "2025.02.20"]
[SourceQuality "1"]

1. e4 d5 2. exd5 Nf6 3. Nf3 Qxd5 4. Nc3 Qa5 5. Bc4 Bg4 6. h3 Qh5 7. Be2 Bxf3 8. Bxf3 Qe5+ 9. Qe2 Qxe2+ 10. Kxe2 c6 11. d3 Nbd7 12. Bf4 g6 13. Rhe1 O-O-O 14. Kf1 Re8 15. d4 Nb6 16. a3 Bg7 17. Rad1 1/2-1/2

[Event "GBR-ch110 Over 65"]
[Site "Hull"]
[Date "2024.07.30"]
[Round "2.27"]
[White "De Coverly, Roger D"]
[Black "Sheppard, Derek A"]
[Result "0-1"]
[WhiteElo "1902"]
[BlackElo "1785"]
[PlyCount "80"]
[EventDate "2024.07.29"]
[EventType "swiss"]
[EventRounds "7"]
[EventCountry "GBR"]
[SourceTitle "BritBase"]
[Source "John Saunders"]
[SourceDate "2025.02.20"]
[SourceVersion "1"]
[SourceVersionDate "2025.02.20"]
[SourceQuality "1"]

1. e4 e6 2. d4 d5 3. exd5 exd5 4. c4 Bb4+ 5. Nc3 Qe7+ 6. Be2 Nf6 7. Nf3 c6 8. O-O O-O 9. Bg5 Bxc3 10. bxc3 Be6 11. Re1 Nbd7 12. Ne5 Qd6 13. Nxd7 Nxd7 14. c5 Qc7 15. Bd3 Rfe8 16. Qh5 Nf8 17. Bh4 Qd7 18. h3 f6 19. Re3 Bf7 20. Qf3 Rxe3 21. fxe3 Bg6 22. Be2 Re8 23. Bf2 Be4 24. Qg3 Bf5 25. Rf1 Ng6 26. h4 Ne7 27. h5 Be4 28. Qf4 Nf5 29. g4 Nh6 30. Bh4 Nf7 31. c4 h6 32. Kh2 Nd8 33. Qd6 Qe7 34. a4 Bc2 35. Qxe7 Rxe7 36. Bf2 Be4 37. Rc1 Nf7 38. cxd5 Bxd5 39. Bd3 Ng5 40. Re1 Nf3+ 0-1

[Event "GBR-ch110 Over 65"]
[Site "Hull"]
[Date "2024.07.30"]
[Round "2.28"]
[White "Ramage, Colin R"]
[Black "Di Mattia, Luciano DM"]
[Result "1-0"]
[WhiteElo "1884"]
[BlackElo "1674"]
[PlyCount "109"]
[EventDate "2024.07.29"]
[EventType "swiss"]
[EventRounds "7"]
[EventCountry "GBR"]
[SourceTitle "BritBase"]
[Source "John Saunders"]
[SourceDate "2025.02.20"]
[SourceVersion "1"]
[SourceVersionDate "2025.02.20"]
[SourceQuality "1"]

1. e4 e5 2. Bc4 Nf6 3. d4 exd4 4. Nf3 d6 5. O-O Be7 6. Nxd4 O-O 7. Nc3 c6 8. Bf4 b5 9. Bd3 Bg4 10. Be2 Bxe2 11. Ncxe2 Nxe4 12. Qd3 Nc5 13. Qf3 Qc7 14. Nf5 Qd7 15. Neg3 Bf6 16. Bxd6 Ne6 17. Bxf8 Kxf8 18. Rad1 Qc7 19. c3 Nd7 20. Rfe1 Ne5 21. Qe4 Ng5 22. Qc2 g6 23. Nd4 Ne6 24. Nxe6+ fxe6 25. Ne4 Ng4 26. Ng3 Re8 27. Qe4 Nh6 28. Qf3 Kg7 29. Re3 Nf5 30. Nxf5+ gxf5 31. Red3 Be7 32. Qg3+ Qxg3 33. hxg3 h6 34. Rd7 a5 35. R1d6 Kf6 36. Rxc6 b4 37. cxb4 Bxb4 38. a3 Bf8 39. Ra7 Rb8 40. Rc2 Rd8 41. Rxa5 Rd1+ 42. Kh2 h5 43. b4 h4 44. gxh4 Bd6+ 45. g3 f4 46. Ra6 fxg3+ 47. fxg3 Be5 48. Rcc6 Bd4 49. Rxe6+ Kf5 50. Re2 Kg4 51. Re4+ Kf3 52. Rf4+ Ke2 53. Re6+ Kd3 54. Rxd4+ Kxd4 55. Rd6+ 1-0

[Event "GBR-ch110 Over 65"]
[Site "Hull"]
[Date "2024.07.31"]
[Round "3.1"]
[White "Smith, Andrew P"]
[Black "Kilgour, David"]
[Result "1-0"]
[WhiteElo "2037"]
[BlackElo "2165"]
[PlyCount "55"]
[EventDate "2024.07.29"]
[EventType "swiss"]
[EventRounds "7"]
[EventCountry "GBR"]
[SourceTitle "BritBase"]
[Source "John Saunders"]
[SourceDate "2025.02.20"]
[SourceVersion "1"]
[SourceVersionDate "2025.02.20"]
[SourceQuality "1"]

1. e4 e6 2. d4 d5 3. Nc3 Bb4 4. e5 Ne7 5. a3 Bxc3+ 6. bxc3 c5 7. Qg4 Qc7 8. Qxg7 Rg8 9. Qxh7 cxd4 10. Ne2 Nbc6 11. h4 Bd7 12. Rb1 O-O-O 13. Bg5 dxc3 14. f4 Be8 15. Qd3 d4 16. Bf6 Nf5 17. h5 Nce7 18. h6 Ba4 19. h7 Rh8 20. Bxh8 Rxh8 21. Rb4 Bxc2 22. Qxc2 Ne3 23. Qc1 Nc6 24. Nxd4 Nxb4 25. axb4 Nxf1 26. Kxf1 Qc4+ 27. Ne2 c2 28. Qd2 1-0

[Event "GBR-ch110 Over 65"]
[Site "Hull"]
[Date "2024.07.31"]
[Round "3.2"]
[White "James, Geoffrey H"]
[Black "Hutchinson, Paul A"]
[Result "1/2-1/2"]
[WhiteElo "2059"]
[BlackElo "2005"]
[PlyCount "69"]
[EventDate "2024.07.29"]
[EventType "swiss"]
[EventRounds "7"]
[EventCountry "GBR"]
[SourceTitle "BritBase"]
[Source "John Saunders"]
[SourceDate "2025.02.20"]
[SourceVersion "1"]
[SourceVersionDate "2025.02.20"]
[SourceQuality "1"]

1. e4 d5 2. exd5 Qxd5 3. Nc3 Qa5 4. Bc4 Nf6 5. d3 Bg4 6. f3 Bd7 7. Bd2 c6 8. Qe2 Qc7 9. f4 b5 10. Bb3 Bg4 11. Nf3 Nbd7 12. h3 Bxf3 13. Qxf3 Rc8 14. a4 b4 15. Ne4 e6 16. Nxf6+ Nxf6 17. O-O-O Be7 18. f5 exf5 19. Qxf5 O-O 20. Rde1 Nd5 21. Re2 a5 22. Rf1 Bf6 23. Qg4 Qd6 24. Bg5 Bxg5+ 25. Qxg5 h6 26. Qf5 Rc7 27. Re5 Rd8 28. Rfe1 g6 29. Qf3 Kg7 30. Qe4 Qf6 31. Kb1 Rcd7 32. Re8 Rxe8 33. Qxe8 Rd8 34. Qe4 Rd6 35. Qe8 1/2-1/2

[Event "GBR-ch110 Over 65"]
[Site "Hull"]
[Date "2024.07.31"]
[Round "3.3"]
[White "Dilleigh, Stephen P"]
[Black "Chapman, Terry PD"]
[Result "1/2-1/2"]
[WhiteElo "1985"]
[BlackElo "2287"]
[PlyCount "137"]
[EventDate "2024.07.29"]
[EventType "swiss"]
[EventRounds "7"]
[EventCountry "GBR"]
[SourceTitle "BritBase"]
[Source "John Saunders"]
[SourceDate "2025.02.20"]
[SourceVersion "1"]
[SourceVersionDate "2025.02.20"]
[SourceQuality "1"]

1. Nf3 e6 2. c4 d5 3. d4 c6 4. Nbd2 f5 5. g3 Nf6 6. Bg2 Bd6 7. O-O O-O 8. Ne1 Nbd7 9. Nd3 b6 10. cxd5 exd5 11. Nf3 Bb7 12. Bf4 Qe7 13. Bxd6 Qxd6 14. Qb3 Ne4 15. Rad1 g5 16. Nfe5 Nxe5 17. Nxe5 c5 18. e3 c4 19. Qc2 b5 20. f3 Nc5 21. f4 gxf4 22. dxc5 Qxe5 23. exf4 Qc7 24. Bxd5+ Rf7 25. Qxf5 Qxc5+ 26. Rf2 Bxd5 27. Qxd5 Rc8 28. Qxc5 Rxc5 29. Rfd2 b4 30. Rd5 Rfc7 31. Kf2 a5 32. Rxc5 Rxc5 33. Ke3 c3 34. bxc3 Rxc3+ 35. Rd3 Rc2 36. a3 Rxh2 37. axb4 axb4 38. Rb3 Ra2 39. Rxb4 Ra3+ 40. Kf2 Kf7 41. Rb6 Rc3 42. Kg2 Kg7 43. Kh3 Ra3 44. Kh4 Rc3 45. g4 Rc5 46. f5 Rc1 47. Kg5 Rc7 48. Kh5 Rc1 49. Kg5 Rc7 50. Re6 Ra7 51. f6+ Kf7 52. Re5 Rb7 53. Kf5 Rb1 54. Re7+ Kg8 55. Rg7+ Kh8 56. Rd7 Kg8 57. Ke6 Re1+ 58. Kf5 Rb1 59. Rg7+ Kh8 60. Re7 Kg8 61. g5 Rb5+ 62. Kg4 Rb1 63. Rg7+ Kh8 64. g6 hxg6 65. Rxg6 Rg1+ 66. Kf5 Rxg6 67. Kxg6 Kg8 68. f7+ Kf8 69. Kf6 1/2-1/2

[Event "GBR-ch110 Over 65"]
[Site "Hull"]
[Date "2024.07.31"]
[Round "3.4"]
[White "Pritchett, Craig W"]
[Black "Guilfoyle, John M"]
[Result "1/2-1/2"]
[WhiteElo "2186"]
[BlackElo "1987"]
[PlyCount "63"]
[EventDate "2024.07.29"]
[EventType "swiss"]
[EventRounds "7"]
[EventCountry "GBR"]
[SourceTitle "BritBase"]
[Source "John Saunders"]
[SourceDate "2025.02.20"]
[SourceVersion "1"]
[SourceVersionDate "2025.02.20"]
[SourceQuality "1"]

1. Nf3 c5 2. c4 b6 3. g3 Bb7 4. Bg2 d6 5. O-O e6 6. Nc3 Nf6 7. Re1 a6 8. e4 Be7 9. d4 cxd4 10. Nxd4 Qc7 11. Be3 O-O 12. Rc1 Nbd7 13. f4 Rfd8 14. h3 Rac8 15. Kh2 Qb8 16. Qe2 Bf8 17. Bf2 Qa8 18. Bg1 Nc5 19. b4 Ncd7 20. Nb3 Bc6 21. a4 d5 22. e5 dxc4 23. Bxc6 Rxc6 24. Nd4 Nd5 25. Nxc6 Qxc6 26. Nxd5 exd5 27. b5 axb5 28. axb5 Qxb5 29. e6 fxe6 30. Qxe6+ Kh8 31. Rcd1 Nc5 32. Bxc5 1/2-1/2

[Event "GBR-ch110 Over 65"]
[Site "Hull"]
[Date "2024.07.31"]
[Round "3.5"]
[White "Shephard, Chris CW"]
[Black "Hughes, Roy"]
[Result "1/2-1/2"]
[WhiteElo "2156"]
[BlackElo "1980"]
[PlyCount "82"]
[EventDate "2024.07.29"]
[EventType "swiss"]
[EventRounds "7"]
[EventCountry "GBR"]
[SourceTitle "BritBase"]
[Source "John Saunders"]
[SourceDate "2025.02.20"]
[SourceVersion "1"]
[SourceVersionDate "2025.02.20"]
[SourceQuality "1"]

1. d3 d5 2. Nd2 Nf6 3. e4 e5 4. Ngf3 Nc6 5. Be2 Bg4 6. c3 dxe4 7. dxe4 Bd6 8. Qc2 O-O 9. h3 Bd7 10. Nc4 Qe7 11. g4 a5 12. a4 Bc5 13. Ne3 Bxe3 14. Bxe3 Ne8 15. Bc4 Nd6 16. Bd5 Nd8 17. Bg5 Qe8 18. Be3 Bc6 19. Bxc6 Nxc6 20. Nh4 Qe6 21. Nf5 Qc4 22. Nxd6 cxd6 23. Rd1 Rfd8 24. f3 Ne7 25. b3 Qc6 26. c4 d5 27. Kf2 d4 28. Bg5 f6 29. Bc1 Ng6 30. h4 Nf8 31. Kg3 Ne6 32. Rh2 Kf7 33. Qb1 Rg8 34. h5 Ra6 35. Bd2 Qb6 36. Bc1 h6 37. Rb2 Rc8 38. Bd2 Qc6 39. Be1 Raa8 40. Bd2 b6 41. Bc1 Nc5 1/2-1/2

[Event "GBR-ch110 Over 65"]
[Site "Hull"]
[Date "2024.07.31"]
[Round "3.6"]
[White "Punnett, Alan K"]
[Black "Clark, Robert G"]
[Result "1-0"]
[WhiteElo "1968"]
[BlackElo "2076"]
[PlyCount "82"]
[EventDate "2024.07.29"]
[EventType "swiss"]
[EventRounds "7"]
[EventCountry "GBR"]
[SourceTitle "BritBase"]
[Source "John Saunders"]
[SourceDate "2025.02.20"]
[SourceVersion "1"]
[SourceVersionDate "2025.02.20"]
[SourceQuality "1"]

1. e4 e6 2. d4 d5 3. e5 c5 4. c3 Nc6 5. Be3 Nge7 6. Nf3 Nf5 7. Bd3 Qb6 8. Qd2 Bd7 9. dxc5 Bxc5 10. Bxc5 Qxc5 11. O-O O-O 12. b4 Qb6 13. a4 Rad8 14. a5 Qc7 15. Re1 a6 16. Na3 Nce7 17. Rac1 Qb8 18. Nc2 f6 19. Ne3 fxe5 20. Nxf5 Nxf5 21. Nxe5 Be8 22. Qc2 g6 23. Qb2 Qc7 24. c4 Qg7 25. b5 Nd6 26. bxa6 bxa6 27. Qb6 Nb7 28. Qxe6+ Bf7 29. Nxf7 Qxf7 30. cxd5 Qxe6 31. Rxe6 Rxd5 32. Bc4 Rc5 33. Re7+ Rxc4 34. Rxc4 Rd8 35. g3 Nxa5 36. Rcc7 Nb3 37. Rg7+ Kf8 38. Rxh7 Kg8 39. Rhg7+ Kf8 40. Rxg6 a5 41. Ra6 Ra8 1-0

[Event "GBR-ch110 Over 65"]
[Site "Hull"]
[Date "2024.07.31"]
[Round "3.7"]
[White "Jackson, Oliver A"]
[Black "Bray, Dave J"]
[Result "1-0"]
[WhiteElo "2075"]
[BlackElo "1966"]
[PlyCount "65"]
[EventDate "2024.07.29"]
[EventType "swiss"]
[EventRounds "7"]
[EventCountry "GBR"]
[SourceTitle "BritBase"]
[Source "John Saunders"]
[SourceDate "2025.02.20"]
[SourceVersion "1"]
[SourceVersionDate "2025.02.20"]
[SourceQuality "1"]

1. e4 c5 2. Nc3 Nc6 3. f4 g6 4. Nf3 Bg7 5. a3 e6 6. b4 d6 7. bxc5 dxc5 8. e5 Nh6 9. Ne4 O-O 10. Bc4 Nd4 11. c3 Ndf5 12. O-O b6 13. Nfg5 Ne7 14. Qe1 Nd5 15. Qh4 f6 16. exf6 Nxf6 17. d3 Nd5 18. Bd2 Bd7 19. Rae1 Rc8 20. Qh3 b5 21. Nxe6 bxc4 22. dxc4 Nf6 23. N4g5 Qb6 24. f5 Bxe6 25. Nxe6 Nxf5 26. g4 Nd6 27. Nxg7 Kxg7 28. Re7+ Rf7 29. g5 Nfe4 30. Qxc8 Nxc8 31. Rexf7+ Kg8 32. Rf8+ Kg7 33. R1f5 1-0

[Event "GBR-ch110 Over 65"]
[Site "Hull"]
[Date "2024.07.31"]
[Round "3.8"]
[White "Collinson, Mark I"]
[Black "Moore, Gerald"]
[Result "1-0"]
[WhiteElo "1899"]
[BlackElo "2057"]
[PlyCount "55"]
[EventDate "2024.07.29"]
[EventType "swiss"]
[EventRounds "7"]
[EventCountry "GBR"]
[SourceTitle "BritBase"]
[Source "John Saunders"]
[SourceDate "2025.02.20"]
[SourceVersion "1"]
[SourceVersionDate "2025.02.20"]
[SourceQuality "1"]

1. d4 f5 2. c4 Nf6 3. Nc3 d6 4. Bg5 Nbd7 5. e4 Nxe4 6. Nxe4 fxe4 7. Qc2 Nf6 8. f3 e5 9. O-O-O exd4 10. Rxd4 Be7 11. fxe4 Ng4 12. Bxe7 Qxe7 13. Nf3 O-O 14. Rd2 Kh8 15. e5 dxe5 16. Bd3 Ne3 17. Qb1 e4 18. Bxe4 Nxc4 19. Re2 Qf6 20. Qc2 Nd6 21. Rhe1 Nxe4 22. Qxe4 Bf5 23. Qd4 Qh6+ 24. Qe3 Qa6 25. Qc3 Qxa2 26. Re7 Qa1+ 27. Kd2 Rad8+ 28. Ke3 1-0